| 000 | 02033nam a2200385 c 4500 | ||
|---|---|---|---|
| 001 | 58523 | ||
| 003 | CO-BoRNBP | ||
| 005 | 20250825214929.0 | ||
| 007 | ta | ||
| 008 | 141006s2011 sp a|||br||| 000 jsspadd | ||
| 020 | _a9789588787022 | ||
| 040 |
_aCO-BoRNBP _bspa _erda _cCO-BoRNBP |
||
| 041 | 1 |
_aspa _hfre |
|
| 084 | _aC | ||
| 100 |
_aElzbieta, _d1938- _eaut _963419 |
||
| 245 | 1 | 1 |
_a¿A dónde van los niños? / _ctexto e ilustraciones Elzbieta ; traducción Pedro A. Almeida. |
| 250 |
_aPrimera edición _bEdición especial para el Ministerio de Cultura |
||
| 264 | 1 |
_aSevilla, España : _bkalandraca, _c2011 |
|
| 300 |
_a[24] páginas sin numerar : _bilustraciones a color |
||
| 336 |
_atexto _btxt _2rdacontenido |
||
| 337 |
_asin mediación _bn _2rdamedio |
||
| 338 |
_avolumen _bnc _2rdasoporte |
||
| 490 | 0 | _aLeer es mi cuento | |
| 500 | _aElzbieta es seudónimo de Murawska Elzbieta | ||
| 520 | _aLa desaparición de los niños es un misterio -dijo Berto. -¿Quieres decir que no solo fue el nuestro...? ¿También desaparecen otros niños? -dijo Potito, sorprendido. -Todos. Todos los niños desaparecen -aseguró Berto. -¿Mueren? -susurró Potito. -¡Claro que no: se convierten en personas mayores! ¿A dónde van los niños? es una tierna y entrañable reflexión sobre los primeros años de la niñez desde el punto de vista de aquellos juguetes que nos acompañaron en la etapa inicial de la vida y el crecimiento, compañeros de juegos... y de sueños | ||
| 521 | _aRecomendado para niños desde los 3 años | ||
| 534 | _tOú vont les bébés | ||
| 650 | 0 | 7 |
_aAnimales en la literatura _2LEMB _9853 |
| 650 | 0 | 4 |
_aCuentos infantiles polacos _ySiglo XX _2LEMB _963420 |
| 650 | 0 | 7 |
_aLibros ilustrados para niños _2LEMB _92001 |
| 650 | 0 | 4 |
_aLiteratura infantil polaca _ySiglo XX _2LEMB _963421 |
| 700 |
_aAlmeida, Pedro _etrl _958001 |
||
| 830 | 0 | _aColección para la Primera Infancia del Ministerio de Cultura, Plan Nacional de Lectura y Escritura Leer es mi cuento, Primera Infancia 2012 | |
| 942 |
_2loc _cBKLITI |
||
| 999 |
_c58523 _d58523 |
||